A quelle époque ces monuments parisiens ont-ils disparus ? - Statistiques

Statistiques générales
  • Ce quiz a été pris 14 fois
  • Le résultat moyen est 13 sur 104
Statistiques - réponses
Hint Explanation Réponse % Correct
Arènes de Lutèce après le IIIe siècle Moyen-âge
38%
Couvent des Grands Augustins 1798 Révolution et 1er Empire
38%
Pompe de la Samaritaine 1813 Révolution et 1er Empire
38%
Bastille 1789/1790 Révolution et 1er Empire
38%
Eglise St Hilaire 1807 Révolution et 1er Empire
38%
Halles de Paris 1973 5e République
31%
Gare Montparnasse 1969 5e République
31%
Forum de Lutèce après le IIIe siècle Moyen-âge
31%
Thermes de Julien vers le IXe siècle Moyen-âge
31%
Abbaye St Germain des Prés (partiellement) 1822 Révolution et 1er Empire
31%
Eglise La Madeleine en la Cité 1794 Révolution et 1er Empire
31%
Piscine Molitor 2012 5e République
23%
Chapelle St Christophe 1747 Epoque classique
23%
Donjon du Louvre 1527 Renaissance
23%
Eglise St Paul des Champs (ancienne) 1799 Révolution et 1er Empire
23%
Fontaine de la régénération 1800 Révolution et 1er Empire
23%
Eglise Ste Marie l'Egyptienne 1790 Révolution et 1er Empire
23%
Couvent des Capucines 1806 Révolution et 1er Empire
23%
Château de Madrid 1792 Révolution et 1er Empire
23%
Eglise St Pierre des Arcis 1812 Révolution et 1er Empire
23%
Abbaye St Victor 1811 Révolution et 1er Empire
23%
Eglise St Denis du Pas 1813 Révolution et 1er Empire
23%
Eglise St Julien des Ménétriers 1790 Révolution et 1er Empire
23%
Collège de Navarre 1811 Révolution et 1er Empire
23%
Couvent des Feuillants 1800 Révolution et 1er Empire
23%
Chapelle St Yves (ancienne) 1796 Révolution et 1er Empire
23%
Couvent des Carmes 1811 Révolution et 1er Empire
23%
Abbaye Ste Geneviève 1807 Révolution et 1er Empire
23%
Eglise St Denis de la chartre 1810 Révolution et 1er Empire
23%
Palais de la Légion d'Honneur 1871 3e République
15%
Palais du Trocadéro 1937 3e République
15%
Collégiale St Marcel 1874 3e République
15%
Palais d'Orsay 1871 3e République
15%
Hôtel de Soissons 1748 Epoque classique
15%
Hôtel de Soissons 1762 Epoque classique
15%
Palais épiscopal XIIe siècle Moyen-âge
15%
Cathédrale St Etienne 1160 Moyen-âge
15%
Eglise St Jean en Grève 1800 Révolution et 1er Empire
15%
Eglise St Etienne des Grès 1792 Révolution et 1er Empire
15%
Eglise St Jacques de la Boucherie 1793 Révolution et 1er Empire
15%
Eglise St Germain le Vieux 1790 Révolution et 1er Empire
15%
Couvent des Cordeliers 1802 Révolution et 1er Empire
15%
Tour du Temple 1808/1809 Révolution et 1er Empire
15%
Château de Grenelle 1794 Révolution et 1er Empire
15%
Eglise St André des Arts 1807 Révolution et 1er Empire
15%
Eglise St Louis du Louvre 1811 Révolution et 1er Empire
15%
Eglise St Barthélémy en l'île 1791 Révolution et 1er Empire
15%
Eglise Ste Marine 1866 Second Empire
15%
Pavillon de la Reine du château de Vincennes 1944 2e Guerre mondiale
8%
Château du Maine 1898 3e République
8%
Hôpital des Enfants Trouvés (partiellement) 1874 3e République
8%
Tour Dagobert 1908 3e République
8%
Galerie des machines 1909 3e République
8%
Palais de l'Industrie 1896 3e République
8%
Cloître de l'ancien couvent des Minimes 1912 3e République
8%
Chancellerie du duc d'Orléans 1923 3e République
8%
Hôtel de ville (ancien) 1871 3e République
8%
Hôpital St Lazare 1931 3e République
8%
Gare de la Bastille 1983 5e République
8%
Eglise Ste Geneviève des Ardents 1747 Epoque classique
8%
Eglise St Jean le Rond 1747 Epoque classique
8%
Eglise St Nicolas du Louvre 1785 Epoque classique
8%
Eglise St Martial 1722 Epoque classique
8%
Hôtel du Petit Bourbon 1660 Epoque classique
8%
Hôtel de Bretonvilliers 1840 Monarchie de Juillet
8%
Château Charolais 1842 Monarchie de Juillet
8%
Ancien palais de l'archevêché 1831 Monarchie de Juillet
8%
Eglise St Benoit le Bétourné 1831 Monarchie de Juillet
8%
Boucherie du parvis Notre-Dame XVe siècle Moyen-âge
8%
Hôtel de Nesle 1411 Moyen-âge
8%
Hôtel des Tournelles XVIe siècle Renaissance
8%
Enceinte de Philippe Auguste XVIe siècle Renaissance
8%
Eglise St Landry 1829 Restauration
8%
Maison Caron de Beaumarchais 1829 Restauration
8%
Eglise Ste Croix de la Cité 1797 Révolution et 1er Empire
8%
Eglise Ste Opportune 1792 Révolution et 1er Empire
8%
Grand Châtelet 1808 Révolution et 1er Empire
8%
Château de Bercy 1861 Second Empire
8%
Eglise du St Sépulcre 1853 Second Empire
8%
Barrières d'octroi sauf 4 1861 Second Empire
8%
Eglise St Hippolyte (ancienne) 1860 Second Empire
8%
Couvent des Célestins 1901 3e République
0%
Hôtel de Luynes 1909 3e République
0%
Abbaye aux Bois 1906 3e République
0%
Palais des Tuileries 1882 3e République
0%
Palais rose 1969 5e République
0%
Château de La Tuilerie 1927 Entre-deux-guerres
0%
Hôpital St Lazare 1931 Entre-deux-guerres
0%
Château de La Muette 1920 Entre-deux-guerres
0%
Fontaine du parvis de Notre-Dame 1748 Epoque classique
0%
Eglise Ste Catherine du Val-des-Ecoliers 1777 Epoque classique
0%
Eglise St Leufroy 1684 Epoque classique
0%
Eglise et cimetière des Sts Innocents 1786 Epoque classique
0%
Tour de Nesle 1663 Epoque classique
0%
Petit-Châtelet 1782 Epoque classique
0%
Eglise St Symphorien de la chartre 1844 Monarchie de Juillet
0%
Eglise St Pierre aux Boeufs 1837 Monarchie de Juillet
0%
Hôtel de la Trémoille 1841 Monarchie de Juillet
0%
Eglise St Côme St Damien 1836 Monarchie de Juillet
0%
Hôtel Saint-Pol XVIe siècle Renaissance
0%
Château de Boulainvilliers 1826 Restauration
0%
Hôtel Thellusson 1826 Restauration
0%
Abbaye royale de Longchamp 1795 Révolution et 1er Empire
0%
Démolition de la Tourelle de la Place de Grève 1852 Second Empire
0%
Aucun quiz correspondant
Distribution des résultats
% des personnes avec chaque résultat
Percentile par nombre de réponses
Votre historique - résultats
Vous n’avez pas pris ce quiz